000 03200nam a2200517 c 4500
999 _c194404
_d194404
003 BLK
005 20241216112108.0
008 180411b bul|||||r ||||||| ||bul||
010 _aKNG00203632000
020 _a978-954-533-160-2
040 _aBLK
041 _aBUL
_cBUL
072 7 _2bullib
_aН8400
_xБългарска поезия Н
072 7 _2bullib
_aК
_xКраезнание
072 7 _2bullib
_aРА
_xРусенски автори
080 _aБългарска литература
_b821.163.2
_x-1
_z821.163.2-1
100 _aТачев, Веселин Кръстев
_d1941-1991
_gПоет, журналист. Основател и уредник на литературния музей "Светлоструй" - Щръклево.
_eпърви автор
_9255232
139 _aСамиздат
_bС 16
245 1 0 _aСамиздат
_b1963 - 1966
_cВеселин Тачев; състав. Пламен Иванов Дойнов; * Йордан Трендафилов; * Иван Цанев; * Здравко Крумов Кисьов; * Димитър Вятовски; * Димитър Горсов; * Менча Соколова; * Владимир Попов; * Владимир Стефанов Попов.
257 _aBGR
260 _bКралица МАБ
_c2016
300 _a232 с.
_c20 см
380 _aX
490 1 _aКолекция Неиздадените
_vКн. 4
500 _aИзд. на НБУ. Департамент Нова българистика. - Други авт.: Йордан Трендафилов, Иван Цанев, Здравко Кисьов, Димитър Вятовски, Димитър Горсов, Менча Соколово, Владимир Попов. - Пълното име на авт. е Иван Цанев Иванов.
653 _aстихотворения
659 _aК
659 _aН
700 _aДойнов, Пламен Иванов
_9369012
700 1 _aТрендафилов, Йордан
_e*
_9385305
700 _aЦанев, Иван
_gПоет. Литературовед. Преводач от гръцки и унгарски език.
_d1941-
_qИванов, Иван Цанев
_9364167
700 1 _aКисьов, Здравко Крумов
_d1937-2015
_gПоет. Преводач.
_979339
700 _aВятовски, Димитър
_cпоет, писател, журналист, русенец
_d1927-1986
_qКовачев, Димитър Христов
_e*
_9491071
700 1 _aГорсов, Димитър Панайотов
_d1939-2023
_gПоет. Преводач от руски език. Учител, журналист, член на Съюза на българските писатели.
_e*
_955243
700 1 _aСоколова, Менча
_e*
_9385306
700 1 _aПопов, Владимир
_e*
_9369296
700 1 _aПопов, Владимир Стефанов
_e*
_9374984
852 _aЦб 284811
852 _aК 821.163.2/С 16
856 4 _qpdf
856 4 _qpdf
942 _cKNG
_n0
_05
_s1
944 _aCR
_c21.03.2017
_lКети Илиева
_k30550
944 _aED
_c21.04.2017
_lф /
_kВиолета_Тройчева
999 _d194404